000 00568nam a2200241Ia 4500
003 OSt
005 20220912153002.0
006 a|||||r|||| 00| 0
007 ta
008 220909b |||||||| |||| 00| 0 eng d
024 _a26653
037 _cTextual
040 _aCSL
_beng
_cCSL
041 _aeng
082 _aC295, K83
100 _aMcCarthy I E
245 0 _aIntroduction to nuclear theory
260 _c1968
300 _ap.
_ccm.
650 _aNuclear theory
942 _hC295, K83
_cTEXL
_2CC
999 _c95684
_d95684